000
00264nam a2200121 4500
008
190522s ||||xo d
100
1
_a
Karssen Gien
_9
1137
245
1
0
_a
Jej meno je žena
250
_a
1.vydanie
020
_c
0
041
1
_a
slo
044
_a
xo
_c
SK
999
_c
22438
_d
22438